[Event "Heusenstamm Sparkassen op-B 9th"]
[Site "Heusenstamm"]
[Date "2023.11.25"]
[Round "5"]
[White "Weigand, Bjoern"]
[Black "Niesel, Markus"]
[Result "1-0"]
[WhiteElo "1389"]
[BlackElo "1186"]
[PlyCount "51"]
[EventDate "2023.11.23"]
[EventType "swiss"]
[EventRounds "7"]
[EventCountry "GER"]
[SourceTitle "EXT 2025"]
[Source "ChessBase"]
[SourceDate "2024.10.14"]
[SourceVersion "1"]
[SourceVersionDate "2024.10.14"]
[SourceQuality "1"]

1. d4 d5 2. Nc3 Nf6 3. Bf4 Bd7 4. e3 a6 5. Nf3 Bf5 6. Ne5 e6 7. g4 Bg6 8. h4 h5 9. g5 Ne4 10. Nxg6 fxg6 11. a3 Nxc3 12. bxc3 Qd7 13. Qd3 Qf7 14. Bg2 c6 15. a4 Nd7 16. a5 c5 17. c4 dxc4 18. Qxc4 Ra7 19. Rb1 e5 20. Qxf7+ Kxf7 21. Bd5+ Ke8 22. dxe5 c4 23. Bxc4 Nc5 24. Bd5 Be7 25. 0-0 Rf8 26. Rb6 1-0

[Event "Heusenstamm Sparkassen op-B 9th"]
[Site "Heusenstamm"]
[Date "2023.11.23"]
[Round "1"]
[White "Weigand, Bjoern"]
[Black "Fettig, Michel"]
[Result "1-0"]
[WhiteElo "1389"]
[BlackElo "1469"]
[PlyCount "93"]
[EventDate "2023.11.23"]
[EventType "swiss"]
[EventRounds "7"]
[EventCountry "GER"]
[SourceTitle "EXT 2025"]
[Source "ChessBase"]
[SourceDate "2024.10.14"]
[SourceVersion "1"]
[SourceVersionDate "2024.10.14"]
[SourceQuality "1"]

1. d4 e6 2. Nc3 d5 3. Bf4 Nf6 4. Nb5 Na6 5. e3 c6 6. Nc3 Nc7 7. Nf3 Bb4 8. Bd3 0-0 9. 0-0 Bd6 10. Ne5 g6 11. Bg5 Be7 12. Qf3 Nh5 13. Bh6 Ng7 14. Qg4 f5 15. Qh3 Bg5 16. f4 Bxh6 17. Qxh6 Qe7 18. Rf3 Nh5 19. Nxg6 hxg6 20. Qxg6+ Ng7 21. Rh3 Qf6 22. Qh7+ Kf7 23. Rh6 Qe7 24. Rf1 Ke8 25. Rf3 Kd7 26. Rg3 Rf7 27. Rhg6 Nce8 28. h4 b6 29. h5 Bb7 30. Be2 Nxh5 31. Qxh5 Rh7 32. Qg5 Qf8 33. Rh3 Rf7 34. Rg8 Qb4 35. Bh5 Re7 36. Bxe8+ Raxe8 37. Rxe8 Kxe8 38. Qg8+ Kd7 39. Rh8 c5 40. Qd8+ Kc6 41. Qxe7 Qxb2 42. Qxe6+ Kc7 43. Rh7+ Kb8 44. Qe8+ Bc8 45. Rh8 Qc1+ 46. Kh2 Qxe3 47. Qxc8# 1-0